| 000 | 00528nam a22001937a 4500 | ||
|---|---|---|---|
| 003 | KOHA_MİRAKIL | ||
| 005 | 20250428152655.0 | ||
| 008 | 250428b tu ||||| |||| 00| 0 tur d | ||
| 020 | _a9786257840088 | ||
| 040 |
_aTR-AnABB _btur _cTR-AnABB |
||
| 041 | _atur | ||
| 082 |
_a297.04 _bMUH 2023 |
||
| 100 | _aArabi, Muhyiddin İbn | ||
| 245 | 1 | 0 |
_aSahilsiz deniz / _cMuhyiddin İbn Arabi |
| 260 |
_aİstanbul : _bGelenek Yayıncılık, _c2023 |
||
| 300 |
_a160 sayfa ; _c21 cm |
||
| 650 | 0 | 4 | _aİslam |
| 942 |
_2ddc _cBK |
||
| 999 |
_c8844 _d8844 |
||
| 900 | _bGizem YORULMAZ | ||